000 00578nam a2200241Ia 4500
003 IT-RoPAU
008 120407s9999 xx 000 0 und d
040 _aIT-RoPAU
040 _cIT-RoPAU
041 _afra
100 _aOrigène
245 _aCommentaire sur l’Evangile selon Matthieu (Testo greco-francese)
250 _aParis
260 _aDu Cerf
260 _c1970
300 _a1394 p.
300 _c19,5 cm
490 _aSorces Chretienne
490 _v162
600 _aTome I° . Livres X e XI I° 394 p.
942 _cBK
999 _c25539
_d25539